El pequeño grupo
Kaydedildi:
| Yazar: | |
|---|---|
| Materyal Türü: | Kitap |
| Dil: | İspanyolca |
| Baskı/Yayın Bilgisi: |
Buenos Aires
Paidós
1966
|
| Edisyon: | 2a. ed |
| Seri Bilgileri: | Biblioteca del hombre contemporáneo, 61
|
| Konular: | |
| Etiketler: |
Etiketle
Etiket eklenmemiş, İlk siz ekleyin!
|
MARC
| LEADER | 00000nam a2200000 a 4500 | ||
|---|---|---|---|
| 001 | UCY7575 | ||
| 003 | CL-VaPUC | ||
| 008 | 950616e19660000AG |||||||||||||||||spa|d | ||
| 082 | 0 | 4 | |a 302.34 |b OLM |2 21 |
| 100 | |a Olmsted, Michael S. |e author |9 486128 | ||
| 245 | 1 | 3 | |a El pequeño grupo |
| 250 | |a 2a. ed | ||
| 300 | |a 187 p | ||
| 942 | |c BK | ||
| 945 | |d 19950616 00:00:00 |a mfernand | ||
| 260 | |a Buenos Aires |b Paidós |c 1966 | ||
| 650 | 7 | |a GRUPOS PEQUEÑOS |2 CL-VaPUC |9 314354 | |
| 650 | 7 | |a COMPORTAMIENTO DE GRUPO |2 CL-VaPUC |9 335588 | |
| 650 | 7 | |a INDIVIDUO |2 CL-VaPUC |9 334576 | |
| 650 | 0 | |a Interacción social |9 307764 | |
| 650 | 7 | |a SOLUCION DE PROBLEMAS |2 CL-VaPUC |9 270958 | |
| 650 | 0 | |a Liderazgo |9 271835 | |
| 583 | |a last modification |c 19950616 00:00:00 |k Rodrigo Vera | ||
| 490 | 0 | |a Biblioteca del hombre contemporáneo, 61 | |
| 999 | |c 234914 |d 234912 | ||
| 952 | |0 0 |1 0 |4 0 |6 302_340000000000000_OLM_1966 |7 0 |8 A |9 241894 |a BIBEDU |b BIBEDU |d 2019-11-18 |i 1520075 |o 302.34 OLM 1966 |p 1520075 |r 2019-11-18 |w 2019-11-18 |y BK |k EDU | ||
| 952 | |0 0 |1 0 |4 0 |6 302_340000000000000_OLM_1966 |7 0 |8 P |9 241895 |a BIBGIM |b BIBGIM |d 2019-11-18 |i 1984381 |o 302.34 OLM 1966 |p 1984381 |r 2025-01-15 |w 2019-11-18 |y BK |k SSL | ||
| 952 | |0 0 |1 0 |4 0 |6 302_340000000000000_OLM_1966 |7 0 |8 P |9 241897 |a BIBGIM |b BIBGIM |d 2019-11-18 |i 4144252 |l 1 |o 302.34 OLM 1966 |p 4144252 |r 2025-01-15 |s 2023-07-26 |w 2019-11-18 |y BK |k GIM | ||